| 000 | 00000nam##2200000za#4500 |
| 001 | 9.693548 |
| 003 | CaOODSP |
| 005 | 20231123084324 |
| 007 | cr ||||||||||| |
| 008 | 150407|2000||||xxc|||||o f|0| 0 eng|d |
| 040 | |aCaOODSP|beng |
| 043 | |an-cn--- |
| 086 | 1 |aE2-195/2000E-PDF |
| 110 | 1 |aCanada. |bForeign Affairs and International Trade Canada. |
| 245 | 10|aGovernment response to the Standing Committee on Foreign Affairs and International Trade (SCFAIT) - reviewing the Export Development Act |h[electronic resource] |
| 260 | |aOttawa - Ontario : |bForeign Affairs and International Trade |c[2000?]. |
| 300 | |a22p. |
| 590 | |a10-05-Supp|b2010-07-20 |
| 690 | 07|aCredit|2gcpds |
| 690 | 07|aEconomic policy|2gcpds |
| 690 | 07|aExports|2gcpds |
| 775 | 08|tRéponse du gouvernement au Comité permanent des Affaires étrangères et du Commerce international (CPAECI) - examen de la Loi sur l'expansion des exportations |w(CaOODSP)9.637724 |
| 776 | 0#|tGovernment response to the Standing Committee on Foreign Affairs and International Trade (SCFAIT) : |w(CaOODSP)9.662277 |
| 776 | 0#|tRéponse du gouvernement au Comité permanent des affaires étrangères et du commerce international (CPAECI) : |w(CaOODSP)9.662278 |
| 856 | 40|ahttp://publications.gc.ca|qPDF|s126 KB|uhttps://publications.gc.ca/collections/Collection/E2-195-2000E.pdf |